000 00289nam a2200121Ia 4500
008 190216s9999||||xx |||||||||||||| ||und||
100 _aIbsen
245 0 _aBootham
260 _bSahithya Pravarthaka Sahakarana Sangam
_c1997
300 _a118p
650 _aMalayalam Nadakam
942 _cBK
999 _c26044
_d26044